000 00466nam a2200193Ia 4500
003 OSt
005 20250816121238.0
008 250729s2003 xx 000 0 und d
020 _a978-0071347099
040 _cAL
041 _aeng
082 _a371.91 NAKC
100 _aMargan Cliford
_9221360
245 _aIntroduction to sychology
260 _aNew Delhi
_bAllied Publication
_c2003
300 _a261p
650 _aEducation
_9221361
942 _2ddc
_cBED
999 _c234974
_d234974